000 00637nam a2200241Ia 4500
003 OSt
005 20221007080926.0
006 a|||||r|||| 00| 0
007 ta
008 221006b |||||||| |||| 00| 0 eng d
024 _a14,660
037 _cTextual
040 _aFLL
_cFLL
_beng
041 _2eng
_aeng
082 _aX:9:f, L7.1
100 _aEhrenberg Ronald G. Au.
_9695898
245 0 _aResearch in labor economics
260 _aNew York
_bJai Press U.S.A.
_c1972
300 _aix,376p
_ccm.
490 _vVol.1
942 _hX:9:f, L7.1
_cTEXL
_2CC
999 _c1161389
_d1161389